| 000 | 00657nam a22002057a 4500 | ||
|---|---|---|---|
| 003 | 0 | ||
| 005 | 20250917114104.0 | ||
| 008 | 250917b xxu||||| |||| 00| 0 eng d | ||
| 020 | _a978-1-77469-445-9 | ||
| 050 |
_aQA 297 _b.B37 2023 |
||
| 245 |
_aBasics for numerical and symbolic computation / _cedited by Jovan Pehcevski. |
||
| 260 |
_aCanada : _bArcler Press, _c2023. |
||
| 300 |
_axxii, 429 pages : _billustrations ; _c24 cm. |
||
| 504 | _aIncludes bibliographical references and index. | ||
| 650 | _aNumerical analysis. | ||
| 650 | _aComputer algebra. | ||
| 650 | _aSymbolic computation. | ||
| 650 | _aComputational mathematics. | ||
| 942 |
_2lcc _cBK |
||
| 999 |
_c368006 _d368006 |
||